MARC

LEADER 00000nam0a2200000 4500
001 59395
005 20231101211816.0
035 |a (RuTPU)RU\TPU\book\62787 
090 |a 59395 
100 |a 20031226d1961 k y0rusy50 ca 
101 0 |a rus 
102 |a RU 
105 |a a z 001zy 
200 1 |a Методы химического анализа силикатных и карбонатных горных пород  |f А. И. Пономарев  |g Академия Наук СССР; Институт металлургии и материаловедения им. А. А. Байкова 
210 |a Москва  |c Изд-во АН СССР  |d 1961 
215 |a 414 с.  |c ил. 
320 |a Предметный указатель: с. 402-407. 
606 1 |a Горные породы  |x Химический анализ  |2 stltpush  |3 (RuTPU)RU\TPU\subj\8092  |9 35582 
610 1 |a химический анализ 
610 1 |a силикаты 
610 1 |a карбонаты 
610 1 |a анализ 
675 |a 552.08:54  |v 3 
700 1 |a Пономарев  |b А. И.  |g Ардалион Иванович 
712 0 2 |a Академия наук СССР (АН СССР)  |b Институт металлургии им. А. А. Байкова (ИМЕТ)  |c (Москва)  |2 stltpush  |3 (RuTPU)RU\TPU\col\312 
801 1 |a RU  |b 63413507  |c 20031226  |g PSBO 
801 2 |a RU  |b 63413507  |c 20230214  |g PSBO 
942 |c BK